000 00457nam a22001577a 4500
005 20241029214047.0
008 241029b |||||||| |||| 00| 0 eng d
020 _a9780199270958
100 _aWilkie, Margaret
_d2004
245 _aBlackstone's Questions and Answers Equity and Trusts
250 _aForth Edition
260 _aNew York
_bOxford University Press Inc.
_c2004
300 _axviii, 251 pages.
_c22cm
650 _2Equity Law
942 _2lcc
_cBK
_n0
999 _c368
_d368